[Event "Catalunya-chT Gp1"]
[Site "Barcelona"]
[Date "2015.02.07"]
[Round "3.4"]
[White "Rivero Ojeda, Carmelo"]
[Black "Cuadras Avellana, Jordi"]
[Result "1-0"]
[WhiteElo "2263"]
[BlackElo "2308"]
[PlyCount "85"]
[EventDate "2015.01.24"]
[EventType "team-tourn"]
[EventRounds "7"]
[EventCountry "ESP"]
[SourceTitle "CBM 164 Extra"]
[Source "ChessBase"]
[SourceDate "2015.03.02"]
[SourceVersion "1"]
[SourceVersionDate "2015.03.02"]
[SourceQuality "1"]
[WhiteTeam "Tres Peons"]
[BlackTeam "Figueres"]
[WhiteTeamCountry "ESP"]
[BlackTeamCountry "ESP"]

1. e4 c5 2. c3 e6 3. d4 d5 4. e5 Nc6 5. Be3 Qb6 6. Qd2 cxd4 7. cxd4 Nge7 8. Nf3 Nf5 9. Nc3 Bd7 10. Bd3 Nxe3 11. fxe3 Rc8 12. Ng5 h6 13. Nh3 f6 14. exf6 gxf6 15. 0-0 f5 16. Qe2 Kd8 17. Nf4 Bd6 18. Kh1 Ne7 19. Rac1 Bxf4 20. Rxf4 Rc7 21. g4 Kc8 22. gxf5 exf5 23. Rg1 Kb8 24. Rf2 Qf6 25. Qf3 a6 26. Ne2 Rhc8 27. Rfg2 Be6 28. Ng3 Rc1 29. Qf4+ Ka7 30. Nh5 Qf8 31. Qe5 R8c6 32. Nf4 Bd7 33. b4 R6c3 34. Qd6 Bb5 35. Bxb5 axb5 36. Nxd5 Qe8 37. Nxe7 Rxg1+ 38. Rxg1 Rxe3 39. Qc5+ b6 40. Qc7+ Ka6 41. Rg6 Qa8+ 42. Rc6 Qb7 43. Nc8 1-0

[Event "Catalunya-chT"]
[Site "Catalunya"]
[Date "2014.03.15"]
[Round "8.3"]
[White "Rivero Ojeda, Carmelo"]
[Black "Gonzales Perez, Jose Anibal"]
[Result "1/2-1/2"]
[WhiteElo "2263"]
[BlackElo "2153"]
[PlyCount "35"]
[EventDate "2014.01.25"]
[EventType "team"]
[EventRounds "11"]
[EventCountry "ESP"]
[SourceTitle "EXT 2015"]
[Source "ChessBase"]
[SourceDate "2014.11.20"]
[SourceVersion "1"]
[SourceVersionDate "2014.11.20"]
[SourceQuality "1"]
[WhiteTeam "Tres Peons"]
[BlackTeam "Peona I Peo"]
[WhiteTeamCountry "ESP"]
[BlackTeamCountry "ESP"]

1. e4 e5 2. Nf3 Nc6 3. Bb5 a6 4. Ba4 Nf6 5. d4 exd4 6. e5 Ne4 7. 0-0 Be7 8. Nxd4 Nxd4 9. Qxd4 Nc5 10. Nc3 0-0 11. Bf4 Ne6 12. Qe4 Nxf4 13. Qxf4 d5 14. exd6 Bxd6 15. Qf3 Qh4 16. h3 Be6 17. Rfe1 Qf4 18. Qxf4 1/2-1/2

[Event "Barcelona Tupinamba op 8th"]
[Site "Barcelona"]
[Date "2013.04.17"]
[Round "5"]
[White "Rivero Ojeda, Carmelo"]
[Black "Serrano Pertinez, Miquel"]
[Result "1-0"]
[WhiteElo "2276"]
[BlackElo "2074"]
[PlyCount "76"]
[EventDate "2013.03.13"]
[EventType "swiss"]
[EventRounds "9"]
[EventCountry "ESP"]
[SourceTitle "EXT 2014"]
[Source "ChessBase"]
[SourceDate "2013.11.20"]
[SourceVersion "1"]
[SourceVersionDate "2013.11.20"]
[SourceQuality "1"]

1. e4 Nf6 2. e5 Nd5 3. c4 Nb6 4. c5 Nd5 5. Nc3 e6 6. Bc4 Nxc3 7. bxc3 Qh4 8. d4 Bxc5 9. Nf3 Qe4+ 10. Be3 Be7 11. 0-0 b6 12. Nd2 Qg6 13. Qe2 f5 14. exf6 gxf6 15. f4 f5 16. Rf3 Bb7 17. Rg3 Qf7 18. d5 exd5 19. Bd4 Rg8 20. Rxg8+ Qxg8 21. Re1 Nc6 22. Bb5 Qf7 23. Nf3 Kf8 24. Bxc6 Bxc6 25. Ne5 Qe6 26. Qh5 d6 27. Qxh7 dxe5 28. Rxe5 Qd6 29. Qh5 Bd7 30. Qh8+ Kf7 31. Qxa8 c5 32. Bf2 d4 33. cxd4 cxd4 34. Qd5+ Be6 35. Rxf5+ Ke8 36. Qa8+ Bd8 37. Rh5 Qxf4 38. h3 Qf6 1-0

[Event "Barcelona Tupinamba op 8th"]
[Site "Barcelona"]
[Date "2013.04.03"]
[Round "3"]
[White "Rivero Ojeda, Carmelo"]
[Black "Fernandez Diaz, Cristian"]
[Result "1/2-1/2"]
[WhiteElo "2276"]
[BlackElo "2095"]
[PlyCount "68"]
[EventDate "2013.03.13"]
[EventType "swiss"]
[EventRounds "9"]
[EventCountry "ESP"]
[SourceTitle "EXT 2014"]
[Source "ChessBase"]
[SourceDate "2013.11.20"]
[SourceVersion "1"]
[SourceVersionDate "2013.11.20"]
[SourceQuality "1"]

1. e4 c5 2. Nf3 e6 3. c3 d5 4. e5 Nc6 5. d4 Bd7 6. Bd3 cxd4 7. cxd4 Qb6 8. 0-0 Nxd4 9. Nxd4 Qxd4 10. Nc3 Ne7 11. Kh1 a6 12. f4 Nc6 13. Qf3 Nb4 14. Bb1 Qa7 15. f5 d4 16. fxe6 Bxe6 17. Bf5 0-0-0 18. Bg5 Rd7 19. Ne4 Nc6 20. Rac1 Kb8 21. Bxe6 fxe6 22. Qxf8+ Rxf8 23. Rxf8+ Kc7 24. Nc5 Rd5 25. b4 Kb6 26. Nxe6 Rxe5 27. Re8 a5 28. Bf4 Rxe6 29. Rxe6 axb4 30. Re2 Qa3 31. Rd1 h6 32. h3 g5 33. Bc1 Qg3 34. Bb2 g4 1/2-1/2

[Event "Barcelona Tupinamba op 8th"]
[Site "Barcelona"]
[Date "2013.03.13"]
[Round "1"]
[White "Rivero Ojeda, Carmelo"]
[Black "Grifell Sola, Joan"]
[Result "1-0"]
[WhiteElo "2276"]
[BlackElo "1894"]
[PlyCount "61"]
[EventDate "2013.03.13"]
[EventType "swiss"]
[EventRounds "9"]
[EventCountry "ESP"]
[SourceTitle "EXT 2014"]
[Source "ChessBase"]
[SourceDate "2013.11.20"]
[SourceVersion "1"]
[SourceVersionDate "2013.11.20"]
[SourceQuality "1"]

1. d4 Nf6 2. Nf3 d5 3. e3 e6 4. Bd3 c5 5. 0-0 c4 6. Be2 Bd6 7. b3 b5 8. a4 bxa4 9. bxc4 dxc4 10. Bxc4 Bb7 11. Be2 Qc7 12. Na3 a6 13. Nc4 Be7 14. Bd2 Nc6 15. Rxa4 a5 16. Qa1 Ng4 17. h3 Nxd4 18. Qxd4 Bxf3 19. hxg4 Bxe2 20. Re1 Bxc4 21. Rxc4 Qd7 22. Qxg7 Rf8 23. Bc3 a4 24. Qxh7 a3 25. Qe4 Ra6 26. Rb1 Bd6 27. Rb7 a2 28. Ba1 Qd8 29. Ra4 Qh4 30. Rxa6 Qh2+ 31. Kf1 1-0

[Event "Barcelona Barri Gotic op 1st"]
[Site "Barcelona"]
[Date "2012.05.07"]
[Round "3.4"]
[White "Rivero Ojeda, Carmelo"]
[Black "De la Plaza Gras, Jordi"]
[Result "1-0"]
[WhiteElo "2261"]
[BlackElo "2022"]
[PlyCount "41"]
[EventDate "2012.04.23"]
[EventType "swiss"]
[EventRounds "8"]
[EventCountry "ESP"]
[SourceTitle "EXT 2024"]
[Source "ChessBase"]
[SourceDate "2023.10.10"]
[SourceVersion "1"]
[SourceVersionDate "2023.10.10"]
[SourceQuality "1"]

1. e4 d5 2. exd5 Qxd5 3. Nc3 Qa5 4. Bc4 Nf6 5. d3 Bg4 6. f3 Bh5 7. Bd2 c6 8. Qe2 Qc7 9. g4 Bg6 10. f4 h6 11. h4 Nbd7 12. 0-0-0 0-0-0 13. f5 Bh7 14. Bxf7 Bg8 15. Bxg8 Rxg8 16. g5 Ne8 17. Nh3 Qe5 18. Qf2 e6 19. fxe6 Qxe6 20. Rde1 Qd6 21. Qf7 1-0

[Event "Barcelona Barri Gotic op 1st"]
[Site "Barcelona"]
[Date "2012.04.30"]
[Round "2.6"]
[White "Soriano Pallas, Rafael"]
[Black "Rivero Ojeda, Carmelo"]
[Result "0-1"]
[WhiteElo "1950"]
[BlackElo "2261"]
[PlyCount "68"]
[EventDate "2012.04.23"]
[EventType "swiss"]
[EventRounds "8"]
[EventCountry "ESP"]
[SourceTitle "EXT 2024"]
[Source "ChessBase"]
[SourceDate "2023.10.10"]
[SourceVersion "1"]
[SourceVersionDate "2023.10.10"]
[SourceQuality "1"]

1. e4 c5 2. Nf3 Nf6 3. Nc3 Nc6 4. d4 d5 5. exd5 Nxd5 6. Bc4 Nxc3 7. bxc3 e6 8. 0-0 Be7 9. Bf4 0-0 10. Qd2 Qa5 11. Rfd1 Rd8 12. Rab1 a6 13. Bg5 Bxg5 14. Nxg5 cxd4 15. Qf4 Rf8 16. cxd4 h6 17. Ne4 e5 18. Nf6+ Kh8 19. dxe5 Qxe5 20. Nd5 b5 21. Qxe5 Nxe5 22. Bb3 Ra7 23. Re1 Nc6 24. Re3 Bf5 25. Rbe1 a5 26. Ne7 Nxe7 27. Rxe7 Rxe7 28. Rxe7 a4 29. Bxf7 Bxc2 30. Be8 b4 31. Re2 b3 32. axb3 axb3 33. Ba4 Ra8 34. Re8+ Rxe8 0-1

[Event "Thessaloniki Triandria op 4th"]
[Site "Thessaloniki"]
[Date "2011.04.27"]
[Round "4"]
[White "Megalios, Konstantinos"]
[Black "Rivero Ojeda, Carmelo"]
[Result "1/2-1/2"]
[WhiteElo "1991"]
[BlackElo "2260"]
[PlyCount "72"]
[EventDate "2011.04.25"]
[EventType "swiss"]
[EventRounds "9"]
[EventCountry "GRE"]
[SourceTitle "CBM 142 Extra"]
[Source "ChessBase"]
[SourceDate "2011.06.27"]
[SourceVersion "1"]
[SourceVersionDate "2011.06.27"]
[SourceQuality "1"]

1. d4 g6 2. Nf3 Bg7 3. c3 f5 4. Bf4 Nf6 5. h3 d6 6. Nbd2 0-0 7. Qc2 e6 8. e3 Qe7 9. 0-0-0 b6 10. Rg1 d5 11. Ne5 Bb7 12. g4 Nbd7 13. Be2 c5 14. gxf5 exf5 15. h4 Nxe5 16. Bxe5 Ng4 17. Bxg7 Kxg7 18. Bxg4 fxg4 19. Rxg4 Bc8 20. Rg5 Bf5 21. Qb3 h6 22. Rg3 c4 23. Qb5 Qe6 24. h5 Rf6 25. Rdg1 Kh7 26. hxg6+ Rxg6 27. Rxg6 Bxg6 28. f3 a6 29. Qa4 b5 30. Qa5 Rc8 31. e4 h5 32. exd5 Qf5 33. Ne4 Qf4+ 34. Nd2 Qf5 35. Ne4 Qf4+ 36. Nd2 Qf5 1/2-1/2

[Event "Barcelona Ateneu Colon op 5th"]
[Site "Barcelona"]
[Date "2010.06.08"]
[Round "9"]
[White "Cruells Cullet, Jordi"]
[Black "Rivero Ojeda, Carmelo"]
[Result "1/2-1/2"]
[WhiteElo "2030"]
[BlackElo "2306"]
[PlyCount "52"]
[EventDate "2010.04.13"]
[EventType "swiss"]
[EventRounds "9"]
[EventCountry "ESP"]
[SourceTitle "EXT 2011"]
[Source "ChessBase"]
[SourceDate "2010.11.26"]
[SourceVersion "1"]
[SourceVersionDate "2010.11.26"]
[SourceQuality "1"]

1. d4 g6 2. c4 Bg7 3. Nc3 d6 4. e4 Nd7 5. Nf3 c6 6. Be2 Ngf6 7. 0-0 0-0 8. Be3 e5 9. d5 c5 10. Ne1 Ne8 11. Qd2 f5 12. exf5 gxf5 13. f4 e4 14. Nc2 Ndf6 15. Rab1 Kh8 16. a3 Rg8 17. b4 b6 18. Bf2 Qe7 19. Ne3 Qf7 20. Kh1 Bh6 21. g3 Bg7 22. bxc5 bxc5 23. Rb3 h5 24. h3 Bh6 25. Ng2 Bg7 26. Nd1 Nd7 1/2-1/2

[Event "Barcelona Ateneu Colon op 5th"]
[Site "Barcelona"]
[Date "2010.05.18"]
[Round "6"]
[White "Rivero Ojeda, Carmelo"]
[Black "Villares Galiano, Luis A"]
[Result "1-0"]
[WhiteElo "2306"]
[BlackElo "1969"]
[PlyCount "42"]
[EventDate "2010.04.13"]
[EventType "swiss"]
[EventRounds "9"]
[EventCountry "ESP"]
[SourceTitle "EXT 2011"]
[Source "ChessBase"]
[SourceDate "2010.11.26"]
[SourceVersion "1"]
[SourceVersionDate "2010.11.26"]
[SourceQuality "1"]

1. e4 c5 2. c3 d5 3. exd5 Qxd5 4. d4 Nf6 5. Be3 Bg4 6. f3 cxd4 7. cxd4 Bh5 8. Nc3 Qd8 9. d5 e5 10. dxe6 Qxd1+ 11. Rxd1 fxe6 12. Bc4 Bb4 13. Nge2 e5 14. 0-0 Nbd7 15. g4 Bg6 16. g5 Nh5 17. Nd5 Rc8 18. Bb5 Bd6 19. Bxa7 Bf5 20. Ne3 Bc5 21. Bxc5 Rxc5 1-0

[Event "Barcelona Ateneu Colon op 5th"]
[Site "Barcelona"]
[Date "2010.05.11"]
[Round "5"]
[White "Sanchez Criado, Lluis"]
[Black "Rivero Ojeda, Carmelo"]
[Result "1/2-1/2"]
[WhiteElo "2168"]
[BlackElo "2306"]
[PlyCount "54"]
[EventDate "2010.04.13"]
[EventType "swiss"]
[EventRounds "9"]
[EventCountry "ESP"]
[SourceTitle "EXT 2011"]
[Source "ChessBase"]
[SourceDate "2010.11.26"]
[SourceVersion "1"]
[SourceVersionDate "2010.11.26"]
[SourceQuality "1"]

1. d4 g6 2. c4 Bg7 3. Nc3 d6 4. e4 Nf6 5. Be2 0-0 6. Nf3 Nbd7 7. 0-0 c6 8. Re1 e5 9. Rb1 exd4 10. Nxd4 Re8 11. Bf1 Nc5 12. f3 Nh5 13. Be3 a5 14. Qd2 a4 15. b4 axb3 16. axb3 Qe7 17. b4 Ne6 18. b5 Nxd4 19. Bxd4 Be5 20. Ra1 Be6 21. bxc6 bxc6 22. Red1 Qc7 23. Bxe5 Rxa1 24. Rxa1 dxe5 25. c5 Rd8 26. Qb2 Rb8 27. Qd2 Rd8 1/2-1/2

[Event "Catalunya-chT Honor"]
[Site "Catalunya"]
[Date "2008.03.02"]
[Round "6"]
[White "Rodriguez Cespedes, Amador"]
[Black "Rivero Ojeda, Carmelo"]
[Result "1-0"]
[WhiteElo "2481"]
[BlackElo "2331"]
[PlyCount "94"]
[EventDate "2008.01.27"]
[EventType "team-tourn"]
[EventRounds "9"]
[EventCountry "ESP"]
[SourceTitle "EXT 2019"]
[Source "ChessBase"]
[SourceDate "2018.10.10"]
[SourceVersion "1"]
[SourceVersionDate "2018.10.10"]
[SourceQuality "1"]

1. e4 g6 2. d4 Bg7 3. Nc3 d6 4. Nf3 Nd7 5. Bc4 e6 6. Bg5 Ne7 7. h4 h6 8. Be3 c6 9. Qd2 b5 10. Bd3 a6 11. 0-0-0 Bb7 12. Kb1 Nb6 13. e5 d5 14. h5 g5 15. g4 a5 16. Rhe1 b4 17. Ne2 Nc4 18. Qc1 a4 19. Ng3 Qa5 20. Bxc4 dxc4 21. Ne4 Kd7 22. Bd2 a3 23. b3 Ba6 24. Nc5+ Kc7 25. Nxa6+ Qxa6 26. Bxb4 Nd5 27. Bd6+ Kd7 28. Qd2 Bf8 29. Bxf8 Rhxf8 30. Ka1 Rfc8 31. c3 cxb3 32. axb3 Rab8 33. Rb1 Ke8 34. c4 Nf4 35. Qc3 c5 36. dxc5 Rxc5 37. Nd2 Rd8 38. Ne4 Rc7 39. Nd6+ Ke7 40. Red1 Qb6 41. Rd2 Rb8 42. Ka2 Nd5 43. Qf3 Nb4+ 44. Ka1 Kf8 45. Qf6 Nc6 46. Qxh6+ Ke7 47. Qxg5+ Kd7 1-0

[Event "Pamplona op"]
[Site "Pamplona"]
[Date "2007.12.28"]
[Round "8"]
[White "Rivero Ojeda, Carmelo"]
[Black "Krivoshey, Sergei"]
[Result "1/2-1/2"]
[WhiteElo "2326"]
[BlackElo "2484"]
[PlyCount "81"]
[EventDate "2007.12.22"]
[EventType "swiss"]
[EventRounds "9"]
[EventCountry "ESP"]
[SourceTitle "CBM 121 Extra"]
[Source "ChessBase"]
[SourceDate "2008.01.10"]
[SourceVersion "1"]
[SourceVersionDate "2008.01.10"]
[SourceQuality "1"]

1. e4 d5 2. exd5 Nf6 3. Bc4 Bg4 4. Nf3 Nxd5 5. Nc3 c6 6. 0-0 e6 7. Re1 Be7 8. h3 Bh5 9. Ne4 Nd7 10. d4 0-0 11. a4 Qc7 12. Ng3 Bg6 13. Bd3 Bxd3 14. Qxd3 c5 15. Bg5 c4 16. Qe2 Bxg5 17. Nxg5 N7f6 18. Nh5 Rfd8 19. Ra3 Nxh5 20. Qxh5 Nf6 21. Qh4 Qb6 22. Ne4 Nxe4 23. Rxe4 Rd5 24. Rg3 Rad8 25. Qh6 g6 26. Rh4 Rf5 27. Qxh7+ Kf8 28. b3 cxb3 29. Rxb3 Qc6 30. Qh6+ Ke7 31. Qd2 b6 32. Qb4+ Qd6 33. Qc4 Rd7 34. Rc3 Rd5 35. Rd3 Rc7 36. Qb3 Qc6 37. Qb4+ Qd6 38. Qb3 Qc6 39. Qa3+ Qd6 40. Qb3 Qc6 41. Qa3+ 1/2-1/2

[Event "Pamplona op"]
[Site "Pamplona"]
[Date "2007.12.26"]
[Round "6"]
[White "Rivero Ojeda, Carmelo"]
[Black "Pogorelov, Ruslan"]
[Result "0-1"]
[WhiteElo "2326"]
[BlackElo "2411"]
[PlyCount "186"]
[EventDate "2007.12.22"]
[EventType "swiss"]
[EventRounds "9"]
[EventCountry "ESP"]
[SourceTitle "CBM 121 Extra"]
[Source "ChessBase"]
[SourceDate "2008.01.10"]
[SourceVersion "1"]
[SourceVersionDate "2008.01.10"]
[SourceQuality "1"]

1. e4 c5 2. Bc4 e6 3. Qe2 Nc6 4. c3 g6 5. h4 h5 6. d4 cxd4 7. Nf3 Bg7 8. 0-0 Nge7 9. e5 Nf5 10. Rd1 d3 11. Bxd3 Nxh4 12. Nbd2 Nxf3+ 13. Nxf3 Qc7 14. Bf4 0-0 15. Re1 b6 16. Rad1 Bb7 17. Bg5 Rfe8 18. Qe3 Ne7 19. Bxe7 Rxe7 20. Be4 Bxe4 21. Qxe4 Rf8 22. Nh4 Qc6 23. Qf4 Rc8 24. Rd4 Qc5 25. Nf3 b5 26. g4 hxg4 27. Nh2 g5 28. Qg3 f5 29. exf6 Bxf6 30. Rxg4 Rg7 31. Rge4 Qc7 32. Qd3 Rh7 33. Ng4 Bg7 34. Qxb5 Kh8 35. Qd3 Rf8 36. Ne5 Bxe5 37. Rxe5 Qb7 38. Qe4 Qxb2 39. Qd4 Rg7 40. R1e2 Qb1+ 41. Kg2 Qb7+ 42. Kg1 Kg8 43. Qg4 Rf4 44. Qh5 Rh4 45. Qe8+ Kh7 46. R5e4 Rh6 47. Qf8 Qb1+ 48. Re1 Qxa2 49. Qf3 Qd5 50. c4 Qd6 51. Qg2 a5 52. Re5 a4 53. Qe4+ Kg8 54. Qa8+ Qf8 55. Qxf8+ Kxf8 56. Ra5 Ke7 57. Rxa4 Rh4 58. Rd1 Rgh7 59. Rd2 Rg4+ 60. Kf1 Rhh4 61. Ra7 Rd4 62. Rxd4 Rxd4 63. Ra5 g4 64. Rc5 Kd8 65. Ke2 d6 66. Rg5 Rxc4 67. Rg7 Ke8 68. Kd3 Ra4 69. Ke3 Kf8 70. Rb7 d5 71. Rd7 Re4+ 72. Kd3 Rf4 73. Ke3 Rf3+ 74. Ke2 Rf7 75. Rd8+ Ke7 76. Rg8 Rf4 77. Ra8 Rb4 78. Ke3 Kd6 79. Rg8 Re4+ 80. Kd3 Ke5 81. Rg7 Ra4 82. Rg8 Ra3+ 83. Ke2 Kf4 84. Rf8+ Ke4 85. Rg8 Ra2+ 86. Kf1 d4 87. Rxg4+ Kd3 88. Rg7 e5 89. Rg3+ Kd2 90. f4 Ra1+ 91. Kf2 e4 92. Rb3 e3+ 93. Kf3 Rf1+ 0-1

[Event "Pamplona op"]
[Site "Pamplona"]
[Date "2007.12.24"]
[Round "4"]
[White "Rivero Ojeda, Carmelo"]
[Black "Huerga Leache, Mikel"]
[Result "1/2-1/2"]
[WhiteElo "2326"]
[BlackElo "2440"]
[PlyCount "136"]
[EventDate "2007.12.22"]
[EventType "swiss"]
[EventRounds "9"]
[EventCountry "ESP"]
[SourceTitle "CBM 121 Extra"]
[Source "ChessBase"]
[SourceDate "2008.01.10"]
[SourceVersion "1"]
[SourceVersionDate "2008.01.10"]
[SourceQuality "1"]

1. e4 c5 2. Nf3 e6 3. c3 d5 4. e5 Nc6 5. d4 Qb6 6. a3 Nh6 7. Bd3 Nf5 8. 0-0 cxd4 9. Bxf5 exf5 10. cxd4 Be6 11. Nc3 Rc8 12. Na4 Qa6 13. b4 b6 14. Be3 Be7 15. Qb3 0-0 16. Rfc1 Nb8 17. Bg5 Bxg5 18. Nxg5 Nd7 19. Nf3 Rfe8 20. b5 Qa5 21. Nb2 Nb8 22. a4 a6 23. h3 h6 24. Ne1 Qd2 25. Ned3 a5 26. Qd1 Qxd1+ 27. Nxd1 g5 28. Rxc8 Rxc8 29. Rc1 Rxc1 30. Nxc1 f4 31. Nc3 Nd7 32. g3 fxg3 33. fxg3 f6 34. exf6 Nxf6 35. h4 Bf5 36. hxg5 hxg5 37. Kg2 Bc2 38. Kf3 Kf7 39. Ke3 Ke6 40. N1e2 Kf5 41. Kf3 Bb3 42. g4+ Ke6 43. Ng3 Bc2 44. Nge2 Be4+ 45. Kg3 Bd3 46. Kf3 Be4+ 47. Kg3 Bc2 48. Kf3 Ne4 49. Ke3 Nd6 50. Kd2 Bg6 51. Ng1 Be4 52. Nh3 Nf7 53. Ke3 Bg2 54. Ng1 Nd6 55. Kf2 Be4 56. Nf3 Nf7 57. Ke3 Bc2 58. Kd2 Bb3 59. Ke3 Bc2 60. Kd2 Be4 61. Ke3 Bxf3 62. Kxf3 Nd6 63. Ke3 Ne8 64. Ke2 Nf6 65. Kf3 Kd6 66. Nd1 Ne4 67. Ke3 Ke6 68. Kd3 Kd6 1/2-1/2

[Event "EU Union-ch"]
[Site "Cork"]
[Date "2005.03.29"]
[Round "8"]
[White "Palliser, Richard"]
[Black "Rivero Ojeda, Carmelo"]
[Result "1/2-1/2"]
[WhiteElo "2402"]
[BlackElo "2259"]
[PlyCount "77"]
[EventDate "2005.03.22"]
[EventType "swiss"]
[EventRounds "10"]
[EventCountry "IRL"]
[SourceTitle "CBM 105 Extra"]
[Source "ChessBase"]
[SourceDate "2005.05.01"]
[SourceVersion "1"]
[SourceVersionDate "2005.05.01"]
[SourceQuality "1"]

1. d4 g6 2. e4 Bg7 3. Nc3 d6 4. Be3 c6 5. Qd2 a6 6. f4 Nf6 7. Nf3 b5 8. Bd3 Nbd7 9. e5 Nd5 10. Nxd5 cxd5 11. h4 Nb6 12. h5 Nc4 13. Qc1 Bg4 14. hxg6 hxg6 15. Rxh8+ Bxh8 16. Ng5 Qd7 17. Kf2 dxe5 18. fxe5 Bf5 19. Bxc4 bxc4 20. Bf4 Bg4 21. Qd2 Qf5 22. Kg1 Qd7 23. Qf2 Bg7 24. Rf1 f6 25. exf6 exf6 26. Nf3 Kf7 27. Bh6 Bxf3 28. Bxg7 Kxg7 29. Qxf3 Qe6 30. Kf2 Re8 31. Rh1 Qd6 32. c3 Re4 33. g3 Qb8 34. Rb1 f5 35. b4 f4 36. Kg2 Re3 37. Qxf4 Qxf4 38. gxf4 Rxc3 39. b5 1/2-1/2

[Event "EU Union-ch"]
[Site "Cork"]
[Date "2005.03.24"]
[Round "3"]
[White "Rivero Ojeda, Carmelo"]
[Black "Bartel, Mateusz"]
[Result "0-1"]
[WhiteElo "2259"]
[BlackElo "2482"]
[PlyCount "74"]
[EventDate "2005.03.22"]
[EventType "swiss"]
[EventRounds "10"]
[EventCountry "IRL"]
[SourceTitle "CBM 105 Extra"]
[Source "ChessBase"]
[SourceDate "2005.05.01"]
[SourceVersion "1"]
[SourceVersionDate "2005.05.01"]
[SourceQuality "1"]

1. e4 e6 2. d4 d5 3. Nd2 Be7 4. e5 Nh6 5. Bd3 c5 6. c3 Nc6 7. Ndf3 cxd4 8. cxd4 f6 9. Bxh6 gxh6 10. Ne2 Qa5+ 11. Kf1 Bd7 12. a3 0-0-0 13. b4 Qb6 14. b5 Na5 15. Nc3 Nc4 16. a4 Na5 17. Ne2 Kb8 18. h4 Be8 19. h5 Rf8 20. Rh3 fxe5 21. dxe5 Bc5 22. Qe1 Nc4 23. a5 Qxb5 24. Ned4 Qd7 25. Nb3 Qe7 26. Ra2 Bb5 27. Kg1 Rf4 28. Rg3 a6 29. Nxc5 Qxc5 30. Bxh7 d4 31. Bd3 Rxf3 32. gxf3 Nxe5 33. Bxb5 Qxb5 34. f4 Nc4 35. Qe2 d3 36. Qd1 d2 37. Rc2 Ka7 0-1

[Event "Badalona op 12th"]
[Site "Badalona"]
[Date "2004.06.13"]
[Round "8"]
[White "Rivero Ojeda, Carmelo"]
[Black "Losada Carrera, Francisco Javier"]
[Result "1-0"]
[WhiteElo "2184"]
[BlackElo "2138"]
[PlyCount "109"]
[EventDate "2004.04.25"]
[EventType "swiss"]
[EventRounds "9"]
[EventCountry "ESP"]
[SourceTitle "CBM 100 Extra"]
[Source "ChessBase"]
[SourceDate "2004.07.06"]
[SourceVersion "2"]
[SourceVersionDate "2004.07.06"]
[SourceQuality "1"]

1. e4 c6 2. d4 d5 3. e5 Bf5 4. Nf3 e6 5. Be2 Nd7 6. 0-0 Qb6 7. b3 c5 8. c4 Ne7 9. Nc3 dxc4 10. Bxc4 cxd4 11. Nxd4 Nxe5 12. Bb5+ N5c6 13. Be3 Qc7 14. Qf3 h5 15. Bxc6+ bxc6 16. Ndb5 Qd7 17. Bf4 Bg4 18. Qe4 Bf5 19. Qe2 cxb5 20. Rfd1 Qb7 21. Nxb5 Ng6 22. Nc7+ Ke7 23. Bd6+ Kf6 24. Qb2+ e5 25. Nxa8 Qxa8 26. f4 Bxd6 27. Rxd6+ Be6 28. fxe5+ Ke7 29. Rad1 Rc8 30. Qa3 Ke8 31. Qa5 Ne7 32. h3 g6 33. Qb4 Nf5 34. R6d3 Qc6 35. Qf4 h4 36. Kh2 Qb5 37. a4 Qc5 38. b4 Qe7 39. Qe4 Kf8 40. b5 Kg7 41. a5 Rc4 42. Qa8 Qc5 43. Qb8 Rc2 44. b6 axb6 45. a6 Qc6 46. Qb7 Bd7 47. R1d2 Be8 48. Qxc6 Rxc6 49. a7 Rc8 50. Rd8 Rxd8 51. Rxd8 Bc6 52. a8Q Bxa8 53. Rxa8 Nd4 54. Rc8 b5 55. Kg1 1-0

[Event "Catalunya-chT"]
[Site "Spain"]
[Date "2004.??.??"]
[Round "?"]
[White "Rivero Ojeda, Carmelo"]
[Black "Aguilar Garrido, Ivan"]
[Result "1-0"]
[WhiteElo "2129"]
[BlackElo "2189"]
[PlyCount "49"]
[EventDate "2004.??.??"]
[EventType "team"]
[EventRounds "9"]
[EventCountry "ESP"]
[SourceTitle "EXT 2007"]
[Source "ChessBase"]
[SourceDate "2006.11.23"]
[SourceVersion "1"]
[SourceVersionDate "2006.11.23"]
[SourceQuality "1"]

1. e4 g6 2. d4 Bg7 3. Nc3 c5 4. dxc5 Qa5 5. Nf3 Na6 6. e5 Nxc5 7. Bc4 d6 8. 0-0 dxe5 9. a3 Nd7 10. b4 Qc7 11. Bxf7+ Kxf7 12. Ng5+ Ke8 13. Qd5 Nh6 14. Nb5 Qb8 15. Ne6 Nb6 16. Nbc7+ Kf7 17. Ng5+ Kf6 18. Ne4+ Kf5 19. Nd6+ Kf6 20. Nce8+ Rxe8 21. Nxe8+ Kf5 22. Nxg7+ Kf6 23. Ne8+ Kf5 24. Qf3+ Ke6 25. Bxh6 1-0

[Event "Barcelona Tres Peons op"]
[Site "Barcelona"]
[Date "1999.??.??"]
[Round "2"]
[White "Rivero Ojeda, Carmelo"]
[Black "Ruiz Bravo, Alfonso"]
[Result "0-1"]
[WhiteElo "2075"]
[BlackElo "2155"]
[PlyCount "94"]
[EventDate "1999.??.??"]
[EventType "swiss"]
[EventRounds "9"]
[EventCountry "ESP"]
[SourceTitle "EXT 2000"]
[Source "ChessBase"]
[SourceDate "1999.11.16"]
[SourceVersion "1"]
[SourceVersionDate "1999.11.16"]
[SourceQuality "1"]

1. g3 Nf6 2. Bg2 g6 3. e4 e5 4. Ne2 Bg7 5. 0-0 0-0 6. Nbc3 d6 7. h3 c6 8. f4 Qb6+ 9. Kh2 Na6 10. d3 Nc7 11. a4 a5 12. Qe1 Na6 13. g4 Nb4 14. Qh4 Nxc2 15. Rb1 Ne3 16. Rf3 Nxg2 17. Kxg2 Nd7 18. f5 Qd8 19. g5 f6 20. Ng3 Rf7 21. fxg6 hxg6 22. Nf5 gxf5 23. g6 f4 24. gxf7+ Kxf7 25. d4 Qh8 26. Qxh8 Bxh8 27. b3 f5 28. exf5 Nf6 29. dxe5 dxe5 30. Bb2 Bxf5 31. Re1 Re8 32. Rf2 Bg7 33. Nb1 Nd5 34. Nd2 e4 35. Nc4 Re6 36. Bc1 f3+ 37. Kh2 b5 38. axb5 cxb5 39. Ne3 Nxe3 40. Bxe3 Be5+ 41. Kh1 Bxh3 42. Ra2 a4 43. bxa4 Ra6 44. a5 Be6 45. Rc2 Rxa5 46. Bd2 Ra4 47. Rc5 Bd6 0-1

[Event "Barcelona Tres Peons op"]
[Site "Barcelona"]
[Date "1999.??.??"]
[Round "4"]
[White "Rivero Ojeda, Carmelo"]
[Black "Segura Vila, Juan L"]
[Result "1-0"]
[WhiteElo "2075"]
[BlackElo "2160"]
[PlyCount "101"]
[EventDate "1999.??.??"]
[EventType "swiss"]
[EventRounds "9"]
[EventCountry "ESP"]
[SourceTitle "EXT 2000"]
[Source "ChessBase"]
[SourceDate "1999.11.16"]
[SourceVersion "1"]
[SourceVersionDate "1999.11.16"]
[SourceQuality "1"]

1. e4 e5 2. Nf3 Nc6 3. Bb5 f5 4. d3 fxe4 5. dxe4 Bc5 6. Qd5 Bb4+ 7. c3 Nf6 8. Bg5 Bd6 9. Qd3 0-0 10. Nbd2 a6 11. Bc4+ Kh8 12. a4 Be7 13. Bxf6 Bxf6 14. Nf1 d6 15. Ne3 Ne7 16. Nd5 Nxd5 17. Bxd5 c6 18. Bc4 d5 19. Ba2 Be6 20. 0-0 Qd7 21. Rfe1 Rfe8 22. Rad1 Rad8 23. Bb1 g6 24. Qd2 Bg4 25. Qd3 Qf7 26. h3 dxe4 27. Qxe4 Bf5 28. Qe3 Rxd1 29. Rxd1 Bxb1 30. Rxb1 Qb3 31. Qe4 Qd5 32. Re1 Qxe4 33. Rxe4 Kg7 34. Kf1 Kf7 35. Ke2 Ke6 36. h4 Kd5 37. Nd2 Re7 38. f3 b5 39. g3 Rb7 40. b3 c5 41. Kd3 Rc7 42. Kc2 Rd7 43. Nf1 Bg7 44. g4 Rf7 45. Nd2 Kd6 46. Kd3 Bh6 47. g5 Bg7 48. Ke3 h6 49. f4 exf4+ 50. Rxf4 hxg5 51. hxg5 1-0